Upcycle: 24 Sustainable DIY Projects (Record no. 12904)

000 -LEADER
fixed length control field 00339 a2200133 4500
008 - FIXED-LENGTH DATA ELEMENTS--GENERAL INFORMATION
fixed length control field 240801b ||||| |||| 00| 0 eng d
020 ## - INTERNATIONAL STANDARD BOOK NUMBER
International Standard Book Number 978-1780676005
082 ## - DEWEY DECIMAL CLASSIFICATION NUMBER
Classification number 363.7
100 ## - MAIN ENTRY--PERSONAL NAME
Personal name Rebecca Proctor
245 ## - TITLE STATEMENT
Title Upcycle: 24 Sustainable DIY Projects
260 ## - PUBLICATION, DISTRIBUTION, ETC. (IMPRINT)
Name of publisher, distributor, etc Laurence King Publishing
Date of publication, distribution, etc 2015
300 ## - PHYSICAL DESCRIPTION
Extent 143p;
942 ## - ADDED ENTRY ELEMENTS (KOHA)
Source of classification or shelving scheme
Holdings
Withdrawn status Lost status Source of classification or shelving scheme Damaged status Koha normalized classification for sorting Not for loan Permanent location Current location Date acquired Source of acquisition Cost, normal purchase price Full call number Barcode Date last seen Cost, replacement price Price effective from Koha item type
        363_700000000000000   BMS College of Architecture, Design and Planning BMS College of Architecture, Design and Planning 2024-08-01 1 1614.89 363.7 AR-UG4145 2024-08-01 2153.18 2024-08-01 B.Design
Copyright © 2025, The Librarian, Library and Information Centre, BMSCA D&P, Bengaluru. All Rights Reserved
web counter

Powered by Koha